|
|
|
|
| LEADER |
00000nam0a2200000 4500 |
| 001 |
7840 |
| 005 |
20231030181348.0 |
| 010 |
|
|
|a 0121042456
|
| 035 |
|
|
|a (RuTPU)RU\TPU\book\7886
|
| 035 |
|
|
|a BOOK00007945
|
| 090 |
|
|
|a 7840
|
| 100 |
|
|
|a 20011209d1996 km y0engy50 ba
|
| 101 |
0 |
|
|a eng
|
| 102 |
|
|
|a US
|
| 105 |
|
|
|a y z 000zy
|
| 200 |
1 |
|
|a Person to Person on the Internet
|f D. Reiner, K. Blanton
|
| 210 |
|
|
|a Boston
|d 1996
|
| 215 |
|
|
|a 490 p.
|
| 225 |
1 |
|
|a Professional
|
| 610 |
1 |
|
|a компьютерные сети
|
| 610 |
1 |
|
|a Internet
|
| 610 |
1 |
|
|a Интернет
|
| 610 |
1 |
|
|a общение
|
| 675 |
|
|
|a 681.324
|v 3
|
| 700 |
|
1 |
|a Reiner
|b D.
|g Diane
|
| 701 |
|
1 |
|a Blanton
|b K.
|g Keith
|
| 801 |
|
0 |
|a RU
|b 63413507
|c 20011209
|g PSBO
|
| 801 |
|
2 |
|a RU
|b 63413507
|c 20070522
|g PSBO
|
| 942 |
|
|
|c BK
|